| 000 | 00440nam a2200145Ia 4500 | ||
|---|---|---|---|
| 041 | _aKurdish | ||
| 082 | _a323,4 cut-49 ه | ||
| 100 | _a20260118u\\\\\\\\\\\y0engy0103\\\\ba | ||
| 100 | _aد.ریاض عزيز هادى | ||
| 245 | 0 | _aمافەکانى مرۆڤ - پەرەسەندنى - ناوەڕۆکى - پاراستنى | |
| 250 | _aچ1 | ||
| 260 |
_bچاپخانەیى چوارچرا _aکویه _c2015 |
||
| 300 | _a198 | ||
| 942 | _cBk | ||
| 999 |
_c188799 _d188799 |
||